| 000 | 01255nam a22003137a 4500 | ||
|---|---|---|---|
| 005 | 2011052409069.0 | ||
| 008 | 110524t xxu||||| |||| 00| 0 eng d | ||
| 010 | _aENG-102497 | ||
| 020 |
_a9788184502848 _c1000.00 |
||
| 035 | _aEN-86030 | ||
| 037 | _bDBAD / PUB | ||
| 040 |
_adpl _bEnglish |
||
| 082 | _a343.5401 | ||
| 100 | h |
_927410 _aSharma, G. K. |
|
| 110 | _927425 | ||
| 245 |
_aStudy and practice of military law / _cby G. K. Sharma [and] M. S. Jaswal |
||
| 250 | _a7th rev. & enl. ed with Army Act 1950, Army Rules 1954, The Right to Information Act 2005, rules regulations and larest case law | ||
| 260 |
_aNew Delhi _bDeep & Deep Publications _c2010 |
||
| 270 |
_aF-159, Rajouri Garden _bNew Delhi _e110027 _k25435369,25440916 |
||
| 300 |
_aIv, 1256 p. _c25cm (Hb) |
||
| 500 | _aIncludes bibliographical references | ||
| 650 | _927411 | ||
| 650 | _927412 | ||
| 650 | _927426 | ||
| 700 |
_927415 _aJaswal, M. S. |
||
| 942 |
_adpl _cEN _2ddc _mSHA _h343.5401 |
||
| 999 |
_c52535 _d52535 |
||